| 000 | 00723nam a2200193 a 4500 | ||
|---|---|---|---|
| 008 | 120416s1986 ||||||||||||||||| || u | ||
| 020 | _a0814792170 | ||
| 050 | _aHD 5764.5.A6 Wal | ||
| 100 | _aWalsh, Kenneth | ||
| 245 | 1 | 0 | _aHandbook of international manpower market comparisons |
| 246 | _aInstitute of Manpower Studies | ||
| 260 |
_aNew York _bUniversity press _c1986 |
||
| 300 | _a318p. : ill | ||
| 350 | _a0.00 | ||
| 650 | _aLABOUR SUPPLY--EUROPEAN ECONOMIC COMMUNITY COUNTRIES--STATISTICS | ||
| 650 | _aMANPOWER DEVELOPMENT--HANDBOOKS, MANUALS, ETC | ||
| 650 | _aLABOUR | ||
| 995 |
_D0.00 _FCBU-MAIN LIBRARY (Kitwe) _H1 _I17.95 _M1 _UREFERENCE _ZReference Collection |
||
| 999 |
_c45289 _d45289 |
||